Evaluación del pasto Maralfalfa en la producción de ganado bovino de carne y leche en la zona seca del municipio de San Francisco Libre
La investigación tiene como finalidad introducir y evaluar el comportamiento del pasto Maralfalfa (Pennisetum sp) en nuestro clima y ganado que permita al ganadero incrementar la carga animal por área de pasto, es decir, un mayor número de animales en áreas reducidas y disminuir los costos de pr...
| Main Authors: | , |
|---|---|
| Other Authors: | |
| Format: | Tesis Section = Libro |
| Language: | Undetermined Spanish |
| Published: |
Managua
UNI
2021
|
| Subjects: |
| LEADER | 01518nam a2200289Ia 4500 | ||
|---|---|---|---|
| 008 | 240830s9999 xx 000 0 und d | ||
| 040 | |a BIBLIOTECA-RUPAP Mon 636.0855 G897 | ||
| 041 | |a spa | ||
| 082 | |a Mon 636.0855 G897 | ||
| 100 | 1 | |a Guadamuz Mayorga, Jeffrey Alberto | |
| 100 | 1 | |b López Torres, Harold Dionicio | |
| 245 | 1 | 0 | |a Evaluación del pasto Maralfalfa en la producción de ganado bovino de carne y leche en la zona seca del municipio de San Francisco Libre |
| 260 | |a Managua |b UNI |c 2021 | ||
| 300 | |a 84 p. :il. | ||
| 500 | |a Contiene: anexos anexos y CD. | ||
| 502 | |a Tesis (Ingeniero Agrícola) - UNI, 2021. | ||
| 520 | 3 | |a La investigación tiene como finalidad introducir y evaluar el comportamiento del pasto Maralfalfa (Pennisetum sp) en nuestro clima y ganado que permita al ganadero incrementar la carga animal por área de pasto, es decir, un mayor número de animales en áreas reducidas y disminuir los costos de producción utilizando este nuevo híbrido de pastos, aprovechando tallos y foliares que pueden ser consumidos por el animal y que a su vez proporcionará el manejo adecuado para una óptima nutrición. | |
| 650 | 7 | |a GANADADO LECHERO - ALIMENTACION Y ALIMENTOS | |
| 650 | 7 | |b PASTO MARALFALTO-ALIMENTOS PARA ANIMALES | |
| 650 | 7 | |c GANADERIA-NICARAGUA | |
| 650 | 7 | |d PASTOS-NICARAGUA | |
| 650 | 7 | |e GANADO-NUTRICION | |
| 650 | 7 | |f PRODUCCION LECHERA-NICARAGUA | |
| 700 | 1 | |a Tutor: |b Sotelo Contreras, Rosario | |
| 942 | |c BK |2 ddc | ||
| 991 | |a TESIS | ||
| 999 | |c 18877 | ||